• 首页
  • 本馆介绍
  • 公告通知
  • 最新文献
  • 馆藏检索
  • 电子资源
  • 读者导购
  • 参考咨询
  • 我的图书馆
  • 登录
  • 详细信息显示
  • 放入我的书架
  • 预约/预借图书
  • 作者相关作品
  • 分类相关作品
  • 丛书相关作品
  • 出版社相关作品

书目信息

  • 表格格式
  • 工作单格式
  • 卡片格式
书名: The police traffic control function
作者: by Paul B. Weston.
分册号:
分册名:
出版地: Springfield, Ill. :
 
出版社: Thomas
出版时间: 1978.
页数: ix, 401 p. :
开本: 24 cm.
丛书名:
中图分类号:
科图分类号:
其他分类号: U491.4
主题词:
电子资源:
000 00892pam a2200289 i 450
001 E0755583265
005 20070516153405.53
008 771028s1978 ilua b 001 0 eng
010    @a77017341
020    @a0398037647.
035    @A(DLC) 77017341
040    @aDLC@cDLC@dDLC
050 00 @aHV8079.5@b.W47 1978
082 00 @a363.2/33
090    @aU491.4
099    @dU491.4@ex4=4
100 1  @aWeston, Paul B.
245 14 @aThe police traffic control function / @cby Paul B. Weston.
250    @a4th ed.
260    @aSpringfield, Ill. :@bThomas,@c1978.
300    @aix, 401 p. :@bill. ;@c24 cm.
504    @aIncludes bibliographical references and indexes.
650  0 @aTraffic regulations.
650  0 @aTraffic accident investigation.
650  0 @aTraffic police.
906    @a7@bcbc@corignew@d1@eocip@f19@gy-gencatlg
991    @bc-GenColl@hHV8079.5@i.W47 1978@tCopy 1@wBOOKS
    
    The police traffic control function / / by Paul B. Weston.-4th ed.-Springfield, Ill. : : Thomas, , 1978.
    ix, 401 p. : : ill. ; ; 24 cm.
    Includes bibliographical references and indexes.
    
    ISBN 0398037647.
    
●
相关链接 在E读中查询图书 在五车中查询图书 在当当中查询图书 在豆瓣中查询图书


正题名:police traffic control function     索取号:U491.4/x4=4         预约/预借

序号 登录号 条形码 馆藏地/架位号 状态 备注
1 9794   300097945   第二样本阅览室/ [索取号:U491.4/x4=4] 在馆    
唐山师范学院图书馆 欢迎您!
大连网信软件有限公司© 版权所有